000 00285nam a2200109 a 4500
005 20141022142003.0
008 120307s19uu xx 00 eng d
050 _aCD-ROM
_bM85 2004
245 _aMosby's review questions for the NCLEX-RN examination.
260 _c2004.
942 _cAVM
999 _c276371
_d276371